NFL General Knowledge - Statistics

General Stats
  • This quiz has been taken 233 times
  • The average score is 10 of 15
Answer Stats
Hint Answer % Correct
How long is the endzone in yards? 10
96%
Who holds the most Superbowl wins? Tom Brady
91%
How many players are generally on a field at a time? 22
87%
And how many does he have? 6
87%
Who is regarded as "Beast Mode?" Marshawn Lynch
82%
Who is the All-Time rushing yards leader? Emmitt Smith
78%
What two NFL teams share a stadium as of 2024? Name one Giants, Jets
75%
What is the name of the most famous catch by Stefon Diggs? Minneapolis Miracle
73%
What is the name of the last pick in an NFL draft? Mr. Irrelevant
72%
What the Vikings chant nearing the end of a game Skol
71%
Who is Brady's leading target? Robert Gronkowski
62%
What is the greatest defense of all time? Legion of Boom, No Fly Zone, Steel Curtain
60%
Who is famous for his murder of Odin Leonardo John Lloyd? Aaron Hernandez
40%
What city did the Cardinals originally play in? Chicago
37%
Which field is the oldest NFL stadium as of 2024? Soldier Field
32%
No matching quizzes found
Score Distribution
Percent of People with Each Score
Percentile by Number Answered
Your Score History
You have not taken this quiz